Газрын харилцаа шинэтгэл (Бичлэгийн дугаар. 957227)
[ энгийн харах ]
| 000 -Удирдлага | |
|---|---|
| Ном зүйн бүртгэл тоо буюу кодлох утгыг агуулсан | 00568nam a22002057a 4500 |
| 008 - ЕРӨНХИЙ МЭДЭЭЛЭЛ-ЭЛЕМЕНТҮҮДИЙН ӨГӨГДЛИЙН УРТ | |
| fixed length control field | 240610b mp ||||| |||| 00| 0 mon d |
| 020 ## - ОЛОН УЛСЫН СТАНДАРТ НОМЫН ДУГААР-ISBN | |
| Олон Улсын Стандарт Номын Дугаар | 99929-0-268-? |
| 035 ## - СИСТЕМИЙН ХЯНАЛТЫН ДУГААР | |
| Системийн хяналтын дугаар | 10291 |
| 040 ## - ЭХ СУРВАЛЖИЙГ ТОДОРХОЙЛОН БИЧИХ | |
| Анхны каталогийн байгууллага | DO1421060 |
| Каталогийн хэл | Монгол |
| Бичлэг хийж нэвтрүүлэх байгууллага | MN-UlNLM |
| Өөрчлүүлэх байгууллага | MN-UlNLM |
| Бичиглэлийн тодорхойлолт | rda |
| 041 ## - ХЭЛНИЙ КОД | |
| Текстийн хэлний код/фонограм буюу салангид гарчиг | Монгол |
| 042 ## - AUTHENTICATION CODE | |
| Authentication code | 25952 |
| 084 ## - БУСАД АНГИЛЛЫН ДУГААР | |
| Ангиллын нэр | Номын сан номзүйн ангилал |
| Анги | 65.32.1 |
| Зохиогчийн 3-н тэмдэгт | Г 161 |
| 245 #0 - ҮНДСЭН ГАРЧИГ | |
| Гарчиг | Газрын харилцаа шинэтгэл |
| 264 ## - ГАРАЛТЫН МЭДЭЭ | |
| Хэвлэгдсэн газар | УБ |
| Бүтээгч, хэвлэгч, түгээгч, үйлдвэрлэгчийн нэр | АDМОN"ХХК |
| Хэвлэгдсэн он | 2004 |
| 300 ## - ТООНЫ МЭДЭЭ | |
| Хуудасны тоо | 130х. |
| 336 ## - АГУУЛГЫН ТӨРӨЛ | |
| Нөөц | rdacontent |
| Агуулгын төрлийн нөхцөл | text |
| Агуулгын төрлийн код | txt |
| 337 ## - MEDIA TYPE | |
| Эх сурвалж | rdamedia |
| Файлын төрөл | unmediated |
| Файлын код | n |
| 338 ## - CARRIER TYPE | |
| Source | rdacarrier |
| Carrier type term | volume |
| Carrier type code | nc |
| 942 ## - ЭЛЕМЕНТИЙН ТӨРӨЛ | |
| Анги | Номын сан номзүйн ангилал |
| Төрөл | Ном |
| Буцаан татагдсан төлөв | Хасагдсан шалтгаан | Гэмтсэн төлөв | Данс заагч | Захиалах боломжгүй | Үндсэн номын сан | Одоогийн байршил | Салбар танхим | Салбар танхим | Бүртгэсэн огноо | Тавиурын заалт | Баркод | Үнэ | Хамгийн сүүлд байсан огноо | Нийт уншлаганд гарсан тоо | Дансны дугаар | Төрөл |
|---|---|---|---|---|---|---|---|---|---|---|---|---|---|---|---|---|
| Дорнод | Дорнод | Дорнод | Нийтийн уншлага | Дорнод | Нийтийн уншлага | 2024-06-24 | 65.32.1 Г 161 | DO14210291-1-1 | 6300.00 | 2024-06-24 | 15383 | Ном | ||||||
| Дорнод | Дорнод | Дорнод | Үндсэн фонд | Дорнод | Үндсэн фонд | 2024-06-24 | 65.32.1 Г 161 | DO14210291-5-1 | 6300.00 | 2024-06-24 | 42664 | Ном | ||||||
| Дорнод | Дорнод | Дорнод | Үндсэн фонд | Дорнод | Үндсэн фонд | 2024-06-24 | 65.32.1 Г 161 | DO14210291-5-2 | 6300.00 | 2024-06-24 | 42665 | Ном |